Smerovanie k trvalo udržateľnej Európe towards sustainable Europe

Guardado en:
Detalles Bibliográficos
Formato: Libro
Lenguaje:eslovaco
Publicado: Bratislava Spoločnosť pre trvalo udržateľný život v SR 1995
Materias:
Etiquetas: Agregar Etiqueta
Sin Etiquetas, Sea el primero en etiquetar este registro!

MARC

LEADER 00000nam a2200000 4500
001 c105603
005 20221123112807.9
041 0 |a slo 
044 |a SK 
245 1 0 |a Smerovanie k trvalo udržateľnej Európe  |b towards sustainable Europe 
264 1 |a Bratislava  |b Spoločnosť pre trvalo udržateľný život v SR  |c 1995 
300 |a 28 s. 
610 2 0 |a rozvoj trvalo udržateľný 
610 2 0 |a Európa 
610 2 0 |a environmentalistika 
610 2 0 |a prostredie životné 
610 2 0 |a zdroje energie 
610 2 0 |a zdroje prírodné 
610 2 0 |a zdroje surovinové 
610 2 0 |a zdroje vodné 
610 2 0 |a Európska únia